| 000 | 00617 a2200229 4500 | ||
|---|---|---|---|
| 005 | 20260317090540.0 | ||
| 008 | 260316b |||||||| |||| 00| 0 eng d | ||
| 020 |
_a9789385998638 _cRs. 695.00 |
||
| 040 | _aMAIN | ||
| 082 |
_a660.62 _bC888C(3) |
||
| 100 | _aCrueger, Wulf | ||
| 245 | _aCrueger's biotechnology: A textbook of industrial microbiology | ||
| 250 | _a3rd | ||
| 260 |
_bMedtech _c2017 _aNew Delhi |
||
| 300 | _axii, 396 | ||
| 650 | _aBiotechnology | ||
| 650 | _aChemical Enginering | ||
| 650 | _aIndustrial Microbiology | ||
| 700 | _aAneja, K R | ||
| 700 | _aCrueger, Anneliese | ||
| 942 | _cBK | ||
| 999 |
_c394998 _d394998 |
||